KOHA-Header-6

Kaiser Permanente Health Wise Handbook (Record no. 7406)

000 -LEADER
fixed length control field 00287nam a2200109Ia 4500
100 ## - MAIN ENTRY--AUTHOR NAME
Personal name Donald W.Kemper
245 #0 - TITLE STATEMENT
Title Kaiser Permanente Health Wise Handbook
260 ## - PUBLICATION, DISTRIBUTION, ETC. (IMPRINT)
Place of publication California
Name of publisher Kaiser Permanente
Year of publication 2016
300 ## - PHYSICAL DESCRIPTION
Number of Pages 376
942 ## - ADDED ENTRY ELEMENTS (KOHA)
Koha item type Books
Holdings
Withdrawn status Lost status Collection code Permanent Location Current Location Shelving location Date acquired Full call number Accession Number Koha item type
    Bio Sciences MAJU MAJU Shelf No.A39 REF 2019-09-12 910.4 1267 Bio Science

Powered by Koha